Statistics for Can you guess the anime based on the bad description?

Click here to take the quiz!

General Stats

  • This quiz has been taken 2,579 times
  • The average score is 25 of 101

Answer Stats

Description Answer % Correct
Gay skatingYuri on ice
84%
Ninja's get away with wearing colorful outfitsNaruto
83%
Unemployed bald man wins all the timeOne Punch Man
82%
Gay swimmingFree!!!
79%
Food causes orgasmsFood Wars
78%
Child eats hair and becomes a heroMy Hero Academia
77%
Hentai monster teaches middle school studentsAssassination Classroom
75%
Medieval spider people fight giant naked peopleAttack on Titan
69%
Mr. Fantastic and a crew of misfits search for treasureOne Piece
68%
A fourteen year old plays games and steadily builds a haremSword Art Online
66%
A midget and a suit of armor travel the world in search of rocksFullmetal Alchemist
66%
Bookworm has a really bad date and gets his hair dyedTokyo Ghoul
63%
God whores himself out for 5 yenNoragami
60%
A space monkey fights alien godsDragon Ball Z
54%
What happens when you microwave a bananaSteins;Gate
53%
A teddy bear kidnaps children and makes them commit murderDanganronpa
50%
There's a cool headless biker lady. Otherwise you have no idea wtf is going onDurarara!!
48%
Angsty Victorian era child and a demon solve murdersBlack Butler
48%
The devil is stalked by an angel whilst working at mcdonaldsThe Devil is a Part-Timer
48%
Abusive immortal youth competes in animal death battlesPokemon
46%
90% FillersBleach
45%
The colorful ninjas have kids that go on less exciting adventuresBoruto
45%
A kid with a speech impediment plays the pokemon card gameYu-Gi-Oh!!
44%
Kids beat kids up with other kidsSoul Eater
42%
Dead kids screw up a paradise made by god.Angel Beats
42%
Depressed boy with daddy issues doesn't want to get in robot to fight aliensNeon Genesis Evangelion
42%
Kid gets framed for murder and is imprisoned at a theme parkDeadman Wonderland
40%
Teenager with daddy issues conquers the worldCode Geass
39%
A man dies pathetically, then gets revived in an rpg world and gains pathetic party membersGods blessing on this Wonderful World
39%
Puppet man decides if you go to heaven or hellDeath Parade
38%
Satan's sons got daddy issues, so they resolve to kill himBlue Exorcist
37%
Devils, Double Ds, and Dragons. Oh My!High School DxD
37%
Gamer games to long and becomes bone masterOverlord
33%
Guy with sister complex writes books and his sister draws hentaiEromanga Sensei
33%
Teenager runs from crazy girlfriend and becomes godMirai Nikki
32%
Gambling OrgasmsKakegurui
30%
Child pursued by pervy clownHunter x Hunter
27%
Gangsters ship their kids to prevent a gang warNisekoi
25%
Boobs and Butts clash on a epic battlefield floating on waterKeijo!!!
24%
A edo period comedy with aliensGintama
24%
Kid chooses to use power of invisibility to win middle school basket ball games instead of save the worldKuroko's Basketball
21%
A High School girl is actually godThe Melancholy of Haruhi Suzumiya
21%
Sisters try to seduce younger brother, but its technically not incestKiss x Sis
19%
God accidentally kills a kid, so he gets to bring his phone to an rpg worldIn Another World with my smartphone
19%
Kids are placed in oppressive classroom environments based on their gradesBaka and Test
17%
Martial artist grows boobs upon contact with cold waterRanma 1/2
17%
Fat kid wins the heart of the most popular girl in school because he is bulliedAccel World
17%
Idiot with superpowers escapes prison for funNanbaka
16%
Girls shoot at each other in tanks for sportGirls und Panzer
15%
A stupid girl like bananasAho Girl
15%
RPG gets politics updateLog Horizon
15%
Boy becomes heir to galactic empire by grabbing boobsTo Love Ru
14%
A zombie, a necromancer, a magical girl, and a vampire ninja walk into a barIs This a Zombie?
14%
Girl falls down well and finds out shes a furryInuyasha
13%
Kids use porn as terrorismShimoneta: A Boring World Where the Concept of Dirty Jokes Doesn't Exist
13%
What nightmares are made of. Also its gay.Boku no Pico
12%
Ship girls become waifusKantai Collection
12%
Thirsty dragon wants office workers babiesMiss Kobayashi's Dragon Maid
11%
Famous writers have superpowersBungou Stray Dogs
11%
Adorable girls do adorable things, but with zombiesSchool Live!
10%
The daily life of three High school girls, a robot, a cat, and a child prodigyNichijou
10%
A tentacled invader works at a restrauntSquid Girl
10%
Guy gets ripped to get revenge on a girl who unfriended himMasamune kuns revenge
8%
Deaf guy works as a hired gun/swordGangsta
7%
Government wants to kill kids because they're differentBlack Bullet
7%
A man is enslaved by his demon of sloth sisterHimouto Umaru-chan
7%
Some dude gets his life wrecked cause some pink hair bitch can't magicThe Familiar of Zero
6%
Man is forced into slavery at gunpoint and if he fails to meet a quota someone will dieAmagi Brilliant Park
6%
Guy who is supposed to be bad at magic is actually really good at magicThe Irregular at Magic High school
6%
Cans become women when drunken out of.Akikan
6%
A Vampire with a bullet in his heart really enjoys japanBlood Lad
5%
The console wars grow boobsHyperdimension Neptunia
5%
Girl throws condoms and becomes presidentMy Wife is the Student Council President
4%
I like trainsRail Wars!
4%
Guy with sister complex writes booksA sister's all you need
4%
A dude wants to film strawberry pantiesIchigo 100%
3%
Dude gets a bracelet an a talking plush that let him explore the wonders of being a womanKampfer
3%
Student council is obsessed with dirty jokesSeitokai Yakuindomo
3%
A dude gets with the two hottest girls in school because he hates normiesMy Youth Romantic Comedy is Wrong as I Expected
3%
Guy gets a pair of devilish step-sistersThe Testament of Sister New Devil
3%
Lovecraftian monster wants the DHaiyore! Nyaruko-san
2%
Dude wants to trade soul for sword, gets shield insteadAbsolute Duo
2%
Straight man delinquent is forced into club by absurd classmates and taser wielding teacherD-frag!
2%
The Grand Tours: Anime EditionYowamushi Pedal
2%
A man is kidnapped and forced to pretend he is gay so he doesn't get neuteredI was Abducted by an Elite All-Girls School to Serve as a Sample Commoner
2%
Stereotypical female armor in RPGsBikini Warriors
2%
Dude with hairstyle fetish becomes a magical girlGonna be the Twin-Tails!
2%
A kids dad goes bankrupt so he gets a jobWWW.Working
2%
Bonus Chinese Anime: Guy gives out chocolate, builds harem of girls who want the DCupid's Chocolates
1%
An alien cop has to share her body with some kidBirdy: The Mighty Decode
1%
Product PlacementDagashi Kashi
1%
A artist, a fighter, a sucker, an a screamer fight ghostsMyriad Colors Phantom World
1%
Dude get rammed by a space ship and becomes a girlKashimashi: Girl meets Girl
1%
Amnesaic girl falls on dude with brain damageMy Mental Multiple-Choice Power Is Completely Ruining My School Romantic Comedy
1%
Like Soul Eater but way more pervyValkyrie Drive: Mermaid
1%
Literature club is extremely careless with superpowersWhen Supernatural Battles Became Commonplace
1%
An angel travels to the past to stop the lolisBludgeoning Angel Dokuro-chan
1%
Dude gets a job cause he was late to the magic warI Couldn't Become a Hero, so I Reluctantly Decided to get a Job
1%
Guy cross dresses to teach PEI My Me Strawberry Eggs
1%
Otakus can't figure out anime based on a bad descriptionAnimegataris
0%
Tank warrior tries to help peoplePumpkin Scissors
0%

Score Distribution

Percentile by Number Answered

Percent of People with Each Score

Your Score History

You have not taken this quiz